[Event "Dieren op"]
[Site "Dieren"]
[Date "2013.07.29"]
[Round "6"]
[White "Zakhartsov, Viacheslav V"]
[Black "Pijpers, Arthur"]
[Result "1/2-1/2"]
[WhiteElo "2560"]
[BlackElo "2338"]
[Annotator "Zakhartsov,Vi"]
[PlyCount "44"]
[EventDate "2013.07.23"]
[EventType "swiss"]
[EventRounds "9"]
[EventCountry "NED"]
[SourceTitle "CBM 156"]
[Source "ChessBase"]
[SourceDate "2013.09.17"]
[SourceVersion "1"]
[SourceVersionDate "2013.09.17"]
[SourceQuality "1"]

1. c4 e5 2. g3 c6 3. d4 Bb4+ 4. Bd2 Bxd2+ 5. Qxd2 d6 6. Nc3 Nf6 7. Bg2 O-O 8.
e3 Be6 9. Rd1 {All well known,} (9. b3 exd4 10. Qxd4 d5 11. cxd5 Nxd5 {gives
Black good chances to equalise.}) 9... Na6 10. b3 (10. Nf3 e4 11. Ng5 {(S.
Volkov-Fedorchuk, Legnica 2013), and now after the simple} Bxc4 12. Ngxe4 Nxe4
13. Bxe4 d5 {Black is fine.}) 10... exd4 11. Qxd4 Nb4 $1 {More concrete than} (
11... Qa5 12. Qd2 Nc7 13. Nge2 d5 14. cxd5 Ncxd5 15. Nxd5 Qxd2+ 16. Rxd2 Bxd5 {
(Reinderman-Giri, Groningen 2009), and after} 17. f3 {White can count on a
slight plus.}) 12. Qd2 Bf5 13. e4 Re8 $1 14. Nge2 {Development. Different
attempts to win material looked really clumsy:} (14. Nce2 Nxe4 (14... Bxe4 $5
15. Bxe4 Nxe4 16. Qxb4 Qf6 17. f3 Nc3 18. Rd3 Nxe2 19. Nxe2 Qa1+ 20. Rd1 Qxa2
21. Qd2 Qxb3) 15. Qxb4 c5 16. Qxb7 (16. Qa3 Nc3 17. Rc1 Qf6 {with an attack})
16... Qa5+ 17. Kf1 Qxa2 (17... Nd2+ $2 18. Rxd2 Qxd2 19. Bd5) 18. Qd5 Qxb3 19.
Rc1 Qb2 20. Bf3 Bg6) (14. f3 $2 d5 $1 15. cxd5 (15. Nce2 Qa5 16. exf5 dxc4 {
with the decisive threat Rad8}) 15... cxd5 16. Nge2 (16. Nce2 Qa5 17. exf5 Rac8
{'with the idea' Rc2}) 16... dxe4 17. Qxd8 Raxd8 18. Rxd8 Rxd8 19. fxe4 Nd3+
20. Kf1 Be6 {with a clear advantage for Black.}) 14... Nxe4 $1 15. Bxe4 Bxe4
16. Nxe4 Rxe4 17. Qxb4 Qe7 18. Rd2 Re8 19. O-O c5 {!} (19... Rxe2 20. Rxe2 Qxe2
21. Qxb7 Qxa2 22. Qxc6 {left White with hopes for an advantage.}) 20. Qa3 Rxe2
21. Rxe2 Qxe2 22. Qxa7 b5 {Draw, the position is completely equal. Curiously,
during the game I believed that I was facing a strong novelty - 11...Nb4. But
as it turned out that all this line has been played in 3 games before in 2011,
among others Kosten-Jones (Bunratty 2011) where after 19...c5 a draw was
agreed.} 1/2-1/2

[Event "SWE-ch"]
[Site "Linkoping"]
[Date "2001.07.04"]
[Round "4"]
[White "Karlsson, Lars"]
[Black "Brynell, Stellan"]
[Result "1/2-1/2"]
[WhiteElo "2476"]
[BlackElo "2462"]
[Annotator "Ziegler,A"]
[PlyCount "93"]
[EventDate "2001.06.30"]
[EventType "tourn"]
[EventRounds "13"]
[EventCountry "SWE"]
[EventCategory "8"]
[SourceTitle "CBM 085"]
[Source "ChessBase"]
[SourceDate "2001.11.13"]
[SourceVersion "1"]
[SourceVersionDate "2001.11.13"]
[SourceQuality "1"]

1. c4 e5 2. g3 Nf6 3. Bg2 c6 4. d4 exd4 5. Qxd4 {Den här varianten
rekommenderas av Kosten i dynamic English. Jag matchade hans rekommendationer
mot Stellans öppningsrepertoar och fann att Kosten var för optimistisk
beträffande vits utsikter till fördel. Stellan är specialist på att utjämna
här.} d5 6. Nf3 (6. cxd5 {Är principiellt.}) 6... dxc4 (6... Be7 {Är det mest
solida enligt Carsten Hansens bok om 1.c4 e5.}) 7. Qxc4 (7. Qxd8+ Kxd8 8. O-O
Nbd7 9. Rd1 Ke8 10. Nbd2 Nb6 11. Ne5 Be6 12. Nxc6 Bd5 (12... bxc6 13. Bxc6+ Ke7
14. Bxa8 Nxa8 {Är oklart.}) 13. Na5 {Gav vit det bättre spelet i Suba,M-Sax,G,
Baile Herculane 1982}) 7... Na6 (7... Be7 8. O-O O-O 9. e4 Na6 10. Nc3 {
Spelades mellan Kortjnoj och Sokolov, Sarajevo, 1998.}) 8. a3 Be6 9. Qc2 Nc5
10. Nbd2 Bd5 11. O-O Be7 12. b4 Nce4 {[#] Stellan har nästan uppnått
fullständig utjämning, men vit kan fortfarande presentera små problem. Nu är
svarts bondeställning på damflygeln stabli, men om vit kan få spela b5 utan
att svart kan svara med ...c5 finns möjligheten att slå på c6. Vit vill gärna
byta en av sina springare mot löparen, för att g2-löparen skall förvandlas
till en polislöpare som håller svarts damflygel i lås och bom.} 13. Nc4 Nd6 {
Stellan uppfattade Se3 som ett hot.} 14. Nxd6+ (14. Ne3 {Ändå!} Be4 15. Qc3 {
Vit utgår från att svart skall rockera så därför står damen bra här.} O-O 16.
Bb2 Qb6 {Svart håller balansen.}) 14... Qxd6 15. Bf4 Qd8 16. Rfd1 Qb6 {Det här
är en bra ruta för damen. Svart vill gärna följa upp med ...a5.} 17. Be5 Be4
18. Qc4 Bd5 19. Qc2 Be4 20. Qc4 Bd5 21. Qf4 {Lasse visar att han har skakat av
sig de två förra partierna.} Bxf3 $6 {Stellan är extremt bra på att försvara
sig, och vet var gränserna går, mennu utsätter han sig för onödig fara.} 22.
Bxf3 O-O {[#] Vit har en underbar ställning. Han kan välja och vraka mellan
spelidéer. En enkel plan är att föra över löparen till d3 via e2 och spela på
kungsflygeln. en annan är att backa hem med löparen till g2, spela h3, Kh1 och
sedan e2-e2, f2.f4 och e4-e5, och i sådant fall har vit en överlägsen struktur
som med största sannolikhet leder till vinst. Det fina med vits ställning är
att han alltid har ett bra slutspel i bakfickan ifall svart skulle hitta på
något oväntat.} 23. e4 ({Innan vit avslöjade sin plan kunde han försämrat sina
motståndares pjäser och samtidigt förbättrat sina egna. En god Karpovregel är
att inte genomföra sin plan om man kan sabba motståndarens koordination.} 23.
Bd4 Qa6 {Svart blockerar a-bonden.} 24. Rd3 Rad8 25. Rad1 {Vit har en härlig
koordination i centrum, och inom kort kan taktiska teman dyka upp.}) 23... Qb5
24. a4 Qc4 25. Rac1 Qe6 {Stellan söker tryggheten i centrum.} ({Det ser ut som
om vit offrar bonde, men han får tillbaka den ganska lätt.} 25... Qxb4 26. Rb1
Qxa4 27. Rxb7 Rfe8 28. Ra1 Qc2 29. Rc1 (29. Bxf6 Bxf6 30. Raxa7 {Är ett annat
sätt att få tillbaka bonden.}) 29... Qa4 30. Rc7 c5 31. Bxf6 Bxf6 32. R1xc5)
26. b5 cxb5 (26... Rad8 {Var lite bättre.} 27. bxc6 Rxd1+ 28. Rxd1 Qxc6 {
Vit står bättre, men måste komma upp med något.} (28... bxc6 $5 {Är ett mer
offensivt drag, men samtidigt lite farligt.})) 27. axb5 Rac8 28. Rxc8 Rxc8 29.
Bxf6 {Lasse ger upp löparparet till förmån för torninvadering på d7.} Qxf6 30.
Rd7 Qxf4 31. gxf4 Kf8 32. Rxb7 Bc5 {Ett bra drag. I ställningar med
olikfärgade löpare är "endiagonalsprincipen" värdefull. Löparen skall gardera
och angripa längs samma diagonal. [#] I praktiska sammanhang (till exempel
Kramniks vinst mot Kasparov i VM-matchen förra hösten) brukar den här
materiella konstellationen leda till vinst för spelaren med merbonde. En
faktor i sammanhanget är att vit kan hålla på länge, och försöka pressa fram
något och små misstag av svart bestraffas hårt. Det var antagligen de här
resonemangen som var gruden till Lasses beslut att söka den här ställningen.
Han hade lite otur, eftersom svart har konkreta hot i ställningen vilka är
svåra att bemöta. Antingen får han tornbyte som i partiet, eller så får han
f2-bonden.} 33. Bd1 $2 (33. e5 Rd8 34. Bc6 Rd1+ 35. Kg2 g6 {Och svarts attack
mot f2 säkrar remin.}) 33... Re8 $1 {Stellan hittar en bra manöver i syfte att
byta torn och remin är i hamn.} 34. Bb3 Re7 35. Rb8+ Re8 36. Rb7 Re7 37. Rb8+
Re8 38. Rxe8+ Kxe8 39. Kg2 f6 40. h3 Ke7 41. Kg3 g5 42. fxg5 fxg5 43. f3 Kf6
44. h4 h6 45. Bc4 Bb4 46. Kg4 Be1 47. hxg5+ 1/2-1/2